Normal view MARC view

Entry Personal Name

Number of records used in: 2

001 - CONTROL NUMBER

  • control field: 175606

003 - CONTROL NUMBER IDENTIFIER

  • control field: OSt

005 - DATE AND TIME OF LATEST TRANSACTION

  • control field: 20220924114828.0

008 - FIXED-LENGTH DATA ELEMENTS

  • fixed length control field: 220924|| aca||aabn | a|a d

040 ## - CATALOGING SOURCE

  • Original cataloging agency: OSt
  • Transcribing agency: OSt

100 ## - HEADING--PERSONAL NAME

  • Personal name: Abrashi Muhammad Atiya Au

670 ## - SOURCE DATA FOUND

  • Source citation: Work cat.: (OSt)395508: Abrashi Muhammad Atiya Au. , Makana-al-mara'at fi-al-islam, 2007
Copyright @ Delhi University Library System